Plus grandes villes du monde par lettre - M - Statistiques

Statistiques générales
  • Ce quiz a été pris 529 fois
  • Le résultat moyen est 12 sur 20
Statistiques - réponses
Pays Population Ville % Correct
Mexique 21.634 Mio Mexico
98%
Espagne 6.476 Mio Madrid
97%
Italie 8.247 Mio Milan
96%
Russie 20.216 Mio Moscou
96%
Philippines 28.644 Mio Manille
91%
Royaume-Uni 2.782 Mio Manchester
89%
Canada 4.379 Mio Montréal
88%
Allemagne 2.879 Mio Munich
87%
Australie 5.159 Mio Melbourne
85%
Inde 24.338 Mio Mumbai
77%
États-Unis 6.890 Mio Miami
63%
Colombie 3.910 Mio Medellín
62%
États-Unis 4.028 Mio Minneapolis
40%
Mexique 5.229 Mio Monterrey
40%
Venezuela 3.351 Mio Maracaïbo
18%
Indonésie 5.189 Mio Medan
16%
Iran 3.001 Mio Machhad
14%
R.D. Congo 3.368 Mio Mbujimayi
7%
Pakistan 4.745 Mio Moultan
7%
Indonésie 2.795 Mio Malang
4%
Aucun quiz correspondant
Distribution des résultats
% des personnes avec chaque résultat
Percentile par nombre de réponses
Votre historique - résultats
Vous n’avez pas pris ce quiz